Statistics for 10 Largest Land Masses On Earth

Click here to take the quiz!

General Stats

  • This quiz has been taken 459 times
  • The average score is 7 of 10

Answer Stats

area km^2Answerarea sq mi% Correct
7,686,884Australia2,967,909
95%
2,130,800Greenland822,700
85%
42,068,068North/South America16,242,497
85%
587,713Madagascar288,869
73%
14,245,000Antarctica5,500,000
69%
84,989,847Afro-Eurasia32,814,613
57%
748,168Borneo288,869
57%
785,753New Guinea303,381
50%
443,066Sumatra171,069
49%
507,481Baffin195,928
46%

Score Distribution

Percentile by Number Answered

Percent of People with Each Score

Your Score History

You have not taken this quiz